|
|
|
|
| LEADER |
02276nam a22004695i 4500 |
| 001 |
978-3-662-53878-4 |
| 003 |
DE-He213 |
| 005 |
20170618211011.0 |
| 007 |
cr nn 008mamaa |
| 008 |
161130s2016 gw | s |||| 0|eng d |
| 020 |
|
|
|a 9783662538784
|9 978-3-662-53878-4
|
| 024 |
7 |
|
|a 10.1007/978-3-662-53878-4
|2 doi
|
| 040 |
|
|
|d GrThAP
|
| 100 |
1 |
|
|a Lei, Yanli.
|e author.
|
| 245 |
1 |
0 |
|a Atlas of Benthic Foraminifera from China Seas
|h [electronic resource] :
|b The Bohai Sea and the Yellow Sea /
|c by Yanli Lei, Tiegang Li.
|
| 264 |
|
1 |
|a Berlin, Heidelberg :
|b Springer Berlin Heidelberg :
|b Imprint: Springer,
|c 2016.
|
| 300 |
|
|
|a XVI, 398 p. 205 illus., 202 illus. in color.
|b online resource.
|
| 336 |
|
|
|a text
|b txt
|2 rdacontent
|
| 337 |
|
|
|a computer
|b c
|2 rdamedia
|
| 338 |
|
|
|a online resource
|b cr
|2 rdacarrier
|
| 347 |
|
|
|a text file
|b PDF
|2 rda
|
| 490 |
1 |
|
|a Springer Geology,
|x 2197-9545
|
| 520 |
|
|
|a This atlas gives a comprehensive account on the benthic foraminiferal fauna in the China Seas, especially on the Bohai and the Yellow Seas. Details of about 183 species, subjected to 5 orders, 52 families and 92 genera are included. For each species there is a brief description of the morphological characteristics, synonymised names, measurements and geographical distribution worldwide, as well as a top-level elegant plate illustrated the fossil and live specimens. It could be used as a reference book for researchers working at marine biology, marine geology, micropaleontology, paleoceanography, paleobiology and related fields.
|
| 650 |
|
0 |
|a Earth sciences.
|
| 650 |
|
0 |
|a Paleontology.
|
| 650 |
|
0 |
|a Oceanography.
|
| 650 |
|
0 |
|a Developmental biology.
|
| 650 |
|
0 |
|a Marine sciences.
|
| 650 |
|
0 |
|a Freshwater.
|
| 650 |
1 |
4 |
|a Earth Sciences.
|
| 650 |
2 |
4 |
|a Paleontology.
|
| 650 |
2 |
4 |
|a Oceanography.
|
| 650 |
2 |
4 |
|a Developmental Biology.
|
| 650 |
2 |
4 |
|a Marine & Freshwater Sciences.
|
| 700 |
1 |
|
|a Li, Tiegang.
|e author.
|
| 710 |
2 |
|
|a SpringerLink (Online service)
|
| 773 |
0 |
|
|t Springer eBooks
|
| 776 |
0 |
8 |
|i Printed edition:
|z 9783662538760
|
| 830 |
|
0 |
|a Springer Geology,
|x 2197-9545
|
| 856 |
4 |
0 |
|u http://dx.doi.org/10.1007/978-3-662-53878-4
|z Full Text via HEAL-Link
|
| 912 |
|
|
|a ZDB-2-EES
|
| 950 |
|
|
|a Earth and Environmental Science (Springer-11646)
|